Serie B 2019-2020 - Statistics

Statistiche generali
  • Questo quiz è stato fatto 424 volte
  • Il punteggio medio è 12 su 20
Statistiche sulle risposte
Squadra % Corretto
Benevento
74%
Frosinone
72%
Venezia
72%
Ascoli
71%
Salernitana
71%
Crotone
70%
Empoli
68%
Pisa
68%
Cremonese
63%
Cosenza
61%
Chievo
59%
Pescara
59%
Spezia
59%
Cittadella
57%
Perugia
56%
Pordenone
47%
Livorno
46%
Virtus Entella
45%
Trapani
36%
Juve Stabia
33%
Nessun quiz corrispondente trovato
Distribuzione punteggi
Percentuale di utenti per punteggio
Percentile per numero di risposta
I tuoi punteggi nel tempo
Non hai fatto questo quiz